000 003650000a22001450004500
060 _a100
082 _a621.9 CHA03
100 _aChapman, WAJ
245 _aWorkshop technology part 3 si unit
260 _aNewdelhi, Oxford & IBH publishing co. pvt. ltd
260 _c1975
300 _a675
650 _aWorkshop technology/ automatic machining
942 _cBK
999 _c347015
_d347015